[Event "Bundesliga 9899"]
[Site "Deutschland"]
[Date "1999.03.20"]
[Round "12.8"]
[White "Heinatz, Thomas"]
[Black "Wesseln, Kai"]
[Result "1-0"]
[WhiteElo "2320"]
[BlackElo "2345"]
[PlyCount "51"]
[EventDate "1998.10.17"]
[EventType "team"]
[EventRounds "15"]
[EventCountry "GER"]
[SourceTitle "Bundesliga 9899"]
[Source "DeepChess"]
[SourceDate "2005.01.01"]
[SourceVersion "1"]
[SourceVersionDate "2005.01.01"]
[SourceQuality "1"]
[WhiteTeam "Dresdner SC 1898"]
[BlackTeam "Delmenhorster SK 1931"]
[WhiteTeamCountry "GER"]
[BlackTeamCountry "GER"]

1. e4 c5 2. Nf3 g6 3. d4 Bg7 4. d5 d6 5. Bb5+ Bd7 6. a4 Nf6 7. Nc3 O-O 8. O-O
Na6 9. Re1 Nc7 10. Bc4 a6 11. e5 dxe5 12. Nxe5 Bf5 13. g4 Bc8 14. Bf4 Nd7 15.
Nxf7 Rxf7 16. d6 e6 17. dxc7 Qf6 18. Bg3 Nf8 19. Rb1 Rd7 20. Qe2 Rd4 21. Ne4
Qe7 22. c3 Rd7 23. a5 Kh8 24. Qe3 e5 25. Ng5 Bf6 26. Nf7+ 1-0

[Event "Bundesliga 9899"]
[Site "Deutschland"]
[Date "1999.03.20"]
[Round "12.2"]
[White "Nielsen, Peter Heine"]
[Black "Casper, Thomas"]
[Result "1-0"]
[WhiteElo "2515"]
[BlackElo "2435"]
[PlyCount "61"]
[EventDate "1998.10.17"]
[EventType "team"]
[EventRounds "15"]
[EventCountry "GER"]
[SourceTitle "Bundesliga 9899"]
[Source "DeepChess"]
[SourceDate "2005.01.01"]
[SourceVersion "1"]
[SourceVersionDate "2005.01.01"]
[SourceQuality "1"]
[WhiteTeam "SV Wattenscheid 1930"]
[BlackTeam "Erfurter SK"]
[WhiteTeamCountry "GER"]
[BlackTeamCountry "GER"]

1. d4 Nf6 2. c4 d6 3. Nc3 Nbd7 4. Nf3 e5 5. e4 g6 6. g3 Bg7 7. Bg2 O-O 8. O-O
c6 9. h3 Kh8 10. Be3 Qe7 11. Re1 Ng8 12. Qd2 Nb6 13. b3 f5 14. exf5 Bxf5 15. g4
Be6 16. Bg5 Qc7 17. dxe5 dxe5 18. Bh4 Nh6 19. Ne4 Nf7 20. Rad1 Rae8 21. Bf6 Bc8
22. Bxg7+ Kxg7 23. Qc3 Re7 24. Rd3 Rfe8 25. Rde3 h6 26. Bf1 Nd7 27. c5 Nf8 28.
Bc4 Be6 29. Nd6 Bxc4 30. Nxe8+ Rxe8 31. Nxe5 1-0

[Event "Bundesliga 9899"]
[Site "Deutschland"]
[Date "1999.03.20"]
[Round "12.3"]
[White "Kuczynski, Robert"]
[Black "Sjodahl, Pontus"]
[Result "1/2-1/2"]
[WhiteElo "2430"]
[BlackElo "2420"]
[PlyCount "64"]
[EventDate "1998.10.17"]
[EventType "team"]
[EventRounds "15"]
[EventCountry "GER"]
[SourceTitle "Bundesliga 9899"]
[Source "DeepChess"]
[SourceDate "2005.01.01"]
[SourceVersion "1"]
[SourceVersionDate "2005.01.01"]
[SourceQuality "1"]
[WhiteTeam "Erfurter SK"]
[BlackTeam "SV Wattenscheid 1930"]
[WhiteTeamCountry "GER"]
[BlackTeamCountry "GER"]

1. e4 d5 2. exd5 Qxd5 3. Nc3 Qa5 4. d4 c6 5. Nf3 Nf6 6. Bc4 Bf5 7. Bd2 e6 8.
Nd5 Qd8 9. Nxf6+ Qxf6 10. Qe2 Nd7 11. h3 Bd6 12. Bb3 Bg6 13. O-O O-O 14. Rfe1
Bf4 15. Bxf4 Qxf4 16. Ne5 Rfd8 17. c3 Nxe5 18. Qxe5 Qxe5 19. Rxe5 a5 20. a3 b6
21. Rae1 Rac8 22. g4 Kf8 23. Kg2 c5 24. dxc5 bxc5 25. Rd1 Rxd1 26. Bxd1 Ke7 27.
Bf3 Bd3 28. Be2 Kd6 29. Re3 Bxe2 30. Rxe2 Rc7 31. Kf3 Kd5 32. b3 Rb7 1/2-1/2

[Event "Bundesliga 9899"]
[Site "Deutschland"]
[Date "1999.03.20"]
[Round "12.5"]
[White "Mueller, Matthias"]
[Black "Koehn, Peter"]
[Result "1-0"]
[WhiteElo "2395"]
[BlackElo "2350"]
[PlyCount "75"]
[EventDate "1998.10.17"]
[EventType "team"]
[EventRounds "15"]
[EventCountry "GER"]
[SourceTitle "Bundesliga 9899"]
[Source "DeepChess"]
[SourceDate "2005.01.01"]
[SourceVersion "1"]
[SourceVersionDate "2005.01.01"]
[SourceQuality "1"]
[WhiteTeam "Erfurter SK"]
[BlackTeam "SV Wattenscheid 1930"]
[WhiteTeamCountry "GER"]
[BlackTeamCountry "GER"]

1. e4 e5 2. Nf3 Nc6 3. d4 exd4 4. Nxd4 Bc5 5. Nxc6 Qf6 6. Qd2 bxc6 7. Bd3 Ne7
8. O-O O-O 9. Nc3 d6 10. e5 Qh4 11. Ne4 Bd4 12. Qg5 Qxg5 13. Bxg5 f6 14. exf6
gxf6 15. Bh6 Rf7 16. c3 Bb6 17. Rfe1 Bf5 18. Rad1 Bg6 19. Ng3 Kh8 20. Rd2 Ng8
21. Bf4 Ne7 22. Bc4 d5 23. Ba6 c5 24. h4 c4 25. Rde2 Ng8 26. Re6 Kg7 27. h5 Bc2
28. Bb5 Rff8 29. Bc6 Rad8 30. Be3 Kf7 31. Bd4 Bxd4 32. cxd4 Be4 33. Nxe4 Kxe6
34. Ng5+ Kf5 35. Ne6 Rd6 36. Nxf8 Rxc6 37. Nd7 Re6 38. g4+ 1-0

[Event "Bundesliga 9899"]
[Site "Deutschland"]
[Date "1999.03.20"]
[Round "12.6"]
[White "Straeter, Timo"]
[Black "Renner, Christoph"]
[Result "1-0"]
[WhiteElo "2313"]
[BlackElo "2437"]
[PlyCount "81"]
[EventDate "1998.10.17"]
[EventType "team"]
[EventRounds "15"]
[EventCountry "GER"]
[SourceTitle "Bundesliga 9899"]
[Source "DeepChess"]
[SourceDate "2005.01.01"]
[SourceVersion "1"]
[SourceVersionDate "2005.01.01"]
[SourceQuality "1"]
[WhiteTeam "SV Wattenscheid 1930"]
[BlackTeam "Erfurter SK"]
[WhiteTeamCountry "GER"]
[BlackTeamCountry "GER"]

1. e4 e5 2. Nf3 Nc6 3. Bb5 a6 4. Ba4 d6 5. c4 Bg4 6. Nc3 Nf6 7. h3 Bxf3 8. Qxf3
g6 9. d3 Nd7 10. Be3 Bg7 11. h4 h5 12. Nd5 O-O 13. b4 a5 14. a3 axb4 15. Bxc6
bxc6 16. Nxb4 c5 17. Nd5 c6 18. Nc3 f5 19. Bg5 Qa5 20. Bd2 f4 21. g4 fxg3 22.
Qxg3 Rf7 23. Qxg6 Nf8 24. Qxh5 Ne6 25. Ne2 Qb6 26. Qg4 Nd4 27. Nxd4 cxd4 28. h5
Qb2 29. Rd1 Kh8 30. h6 Bf6 31. Qe6 Raf8 32. Qxd6 Qc2 33. Rh3 Bg5 34. Qxe5+ Kh7
35. Qxg5 Rg8 36. Rc1 Qb2 37. Qa5 Rg1+ 38. Ke2 Rxc1 39. Rf3 Rxf3 40. Qa7+ Kg6
41. Qg7+ 1-0

[Event "Bundesliga 9899"]
[Site "Deutschland"]
[Date "1999.03.20"]
[Round "12.7"]
[White "Troyke, Christian"]
[Black "Franke, Johannes"]
[Result "1/2-1/2"]
[WhiteElo "2400"]
[BlackElo "2270"]
[PlyCount "159"]
[EventDate "1998.10.17"]
[EventType "team"]
[EventRounds "15"]
[EventCountry "GER"]
[SourceTitle "Bundesliga 9899"]
[Source "DeepChess"]
[SourceDate "2005.01.01"]
[SourceVersion "1"]
[SourceVersionDate "2005.01.01"]
[SourceQuality "1"]
[WhiteTeam "Erfurter SK"]
[BlackTeam "SV Wattenscheid 1930"]
[WhiteTeamCountry "GER"]
[BlackTeamCountry "GER"]

1. g3 g6 2. Bg2 Bg7 3. d4 c5 4. c3 cxd4 5. cxd4 d5 6. Nc3 Nf6 7. Nf3 O-O 8. O-O
Nc6 9. Ne5 Nxe5 10. dxe5 Ng4 11. Nxd5 Bxe5 12. Qb3 Be6 13. Qxb7 Bxd5 14. Qxd5
Rc8 15. Qe4 f5 16. Qa4 Qb6 17. Qb3+ Qxb3 18. axb3 Bd4 19. e3 Bb6 20. Bd2 Rfd8
21. Bc3 Nf6 22. Rfd1 Kf7 23. Kf1 Ke6 24. Ke2 Nd5 25. Bxd5+ Rxd5 26. Rxd5 Kxd5
27. Rd1+ Ke6 28. b4 Rb8 29. Rd3 Rd8 30. f3 a6 31. Rxd8 Bxd8 32. Kd3 Kd5 33. e4+
fxe4+ 34. fxe4+ Kc6 35. Kc4 Bc7 36. Bd2 Be5 37. b3 Bd6 38. Be3 e6 39. Bf4 e5
40. Bg5 Bf8 41. Bf6 Bd6 42. Bg5 Bf8 43. Bd2 Bd6 44. Bc3 Bc7 45. Kd3 Kd6 46. Bb2
Bb8 47. Bc1 Kc6 48. Bd2 Bd6 49. Ke2 Kd7 50. Bc3 Ke6 51. Bd2 Be7 52. Kf3 Kf7 53.
Bc3 Ke6 54. Ke2 Bd6 55. Bd2 Kd7 56. Kf3 Ke6 57. Kg4 Be7 58. Bc3 Bd8 59. Kf3 Be7
60. Ke3 Bd6 61. Kd3 Kd7 62. g4 Kc6 63. Kc4 Bc7 64. Bd2 Bd6 65. Bh6 Be7 66. Bg7
Bd6 67. Bf6 Bc7 68. Be7 Bb6 69. Bg5 Bc7 70. Bh6 Bd6 71. h4 Bc7 72. h5 Bd6 73.
hxg6 hxg6 74. Bg5 Bc7 75. Be7 Bb6 76. Bc5 Bd8 77. Be3 Be7 78. Bd2 Bf8 79. Bc3
Bd6 80. Bd2 1/2-1/2

[Event "Bundesliga 9899"]
[Site "Deutschland"]
[Date "1999.03.20"]
[Round "12.8"]
[White "Sandkamp, Ralph"]
[Black "Langheinrich, Ferenc"]
[Result "1/2-1/2"]
[WhiteElo "2271"]
[BlackElo "2279"]
[PlyCount "86"]
[EventDate "1998.10.17"]
[EventType "team"]
[EventRounds "15"]
[EventCountry "GER"]
[SourceTitle "Bundesliga 9899"]
[Source "DeepChess"]
[SourceDate "2005.01.01"]
[SourceVersion "1"]
[SourceVersionDate "2005.01.01"]
[SourceQuality "1"]
[WhiteTeam "SV Wattenscheid 1930"]
[BlackTeam "Erfurter SK"]
[WhiteTeamCountry "GER"]
[BlackTeamCountry "GER"]

1. e4 c5 2. Nf3 d6 3. g3 Nc6 4. Bg2 Nf6 5. d3 e6 6. O-O Be7 7. Nbd2 O-O 8. c3
Rb8 9. d4 d5 10. exd5 Nxd5 11. dxc5 Bxc5 12. Ne4 Be7 13. Nd4 e5 14. Nxc6 bxc6
15. c4 Nb4 16. b3 Qxd1 17. Rxd1 Bg4 18. Rd2 f5 19. Nc3 e4 20. h3 Bh5 21. g4
fxg4 22. hxg4 Bxg4 23. Nxe4 Rbd8 24. Ba3 Rxd2 25. Nxd2 a5 26. Ne4 Rd8 27. Bxb4
axb4 28. c5 Be6 29. Rc1 Bd5 30. Rd1 Kf7 31. Rd4 Rb8 32. Nd6+ Bxd6 33. Bxd5+
cxd5 34. cxd6 Ke6 35. d7 Kxd7 36. Rxd5+ Ke6 37. Rd4 Rb7 38. Kg2 Ke5 39. Rc4 g6
40. Kg3 Kf5 41. Rf4+ Ke6 42. Re4+ Kf6 43. Rf4+ Ke6 1/2-1/2

[Event "Bundesliga 9899"]
[Site "Deutschland"]
[Date "1999.03.20"]
[Round "12.1"]
[White "Ftacnik, Lubomir"]
[Black "Lutz, Christopher"]
[Result "1/2-1/2"]
[WhiteElo "2585"]
[BlackElo "2610"]
[PlyCount "58"]
[EventDate "1998.10.17"]
[EventType "team"]
[EventRounds "15"]
[EventCountry "GER"]
[SourceTitle "Bundesliga 9899"]
[Source "DeepChess"]
[SourceDate "2005.01.01"]
[SourceVersion "1"]
[SourceVersionDate "2005.01.01"]
[SourceQuality "1"]
[WhiteTeam "Hamburger SK 1830 e.V."]
[BlackTeam "SG Porz e.V."]
[WhiteTeamCountry "GER"]
[BlackTeamCountry "GER"]

1. d4 d5 2. c4 e6 3. Nc3 Be7 4. Nf3 Nf6 5. Bg5 h6 6. Bh4 O-O 7. e3 b6 8. Bd3
Bb7 9. O-O Nbd7 10. Qe2 c5 11. Rfd1 Ne4 12. Bg3 cxd4 13. exd4 Nxg3 14. hxg3 Nf6
15. Rac1 Rc8 16. Ne5 dxc4 17. Bxc4 Nd5 18. Bxd5 exd5 19. Qd3 Bf6 20. Rc2 g6 21.
Re2 Bg7 22. Rde1 a6 23. Qd1 b5 24. Qb3 Qd6 25. a3 Rc7 26. Nf3 Bf6 27. Na2 Qb6
28. Nb4 Bxd4 29. Nxd5 Bxd5 1/2-1/2

[Event "Bundesliga 9899"]
[Site "Deutschland"]
[Date "1999.03.20"]
[Round "12.2"]
[White "Khalifman, Alexander"]
[Black "Wahls, Matthias"]
[Result "1/2-1/2"]
[WhiteElo "2616"]
[BlackElo "2609"]
[PlyCount "82"]
[EventDate "1998.10.17"]
[EventType "team"]
[EventRounds "15"]
[EventCountry "GER"]
[SourceTitle "Bundesliga 9899"]
[Source "DeepChess"]
[SourceDate "2005.01.01"]
[SourceVersion "1"]
[SourceVersionDate "2005.01.01"]
[SourceQuality "1"]
[WhiteTeam "SG Porz e.V."]
[BlackTeam "Hamburger SK 1830 e.V."]
[WhiteTeamCountry "GER"]
[BlackTeamCountry "GER"]

1. d4 Nf6 2. c4 e6 3. Nc3 Bb4 4. Qc2 c5 5. dxc5 O-O 6. a3 Bxc5 7. Nf3 b6 8. Bf4
Bb7 9. Rd1 Nh5 10. Ng5 g6 11. Bc1 Nc6 12. Nf3 Be7 13. Bh6 Re8 14. e4 a6 15. Be2
Qc7 16. O-O Red8 17. Rfe1 Rac8 18. Be3 Ba8 19. Na4 Rb8 20. Bf1 Nf6 21. Bg5 Ng4
22. Bxe7 Nxe7 23. Qd2 f6 24. Qd6 Qxd6 25. Rxd6 Bc6 26. Nc3 Kf8 27. b4 Nc8 28.
Rd2 Ke7 29. Red1 Bb7 30. h3 Nh6 31. Rd4 Nf7 32. Nd2 g5 33. Nb3 d6 34. Be2 Na7
35. R4d2 Nc6 36. g3 Nce5 37. Kf1 Rdc8 38. Rd4 Nc6 39. R4d2 Nce5 40. Rd4 Nc6 41.
R4d2 Nce5 1/2-1/2

[Event "Bundesliga 9899"]
[Site "Deutschland"]
[Date "1999.03.20"]
[Round "12.5"]
[White "Heinemann, Thies"]
[Black "Hansen, Curt"]
[Result "0-1"]
[WhiteElo "2483"]
[BlackElo "2608"]
[PlyCount "80"]
[EventDate "1998.10.17"]
[EventType "team"]
[EventRounds "15"]
[EventCountry "GER"]
[SourceTitle "Bundesliga 9899"]
[Source "DeepChess"]
[SourceDate "2005.01.01"]
[SourceVersion "1"]
[SourceVersionDate "2005.01.01"]
[SourceQuality "1"]
[WhiteTeam "Hamburger SK 1830 e.V."]
[BlackTeam "SG Porz e.V."]
[WhiteTeamCountry "GER"]
[BlackTeamCountry "GER"]

1. e4 c5 2. Nf3 d6 3. d4 cxd4 4. Nxd4 Nf6 5. Nc3 a6 6. f4 Qc7 7. Be2 g6 8. Bf3
Bg7 9. Be3 Nbd7 10. O-O O-O 11. Nd5 Nxd5 12. exd5 Nf6 13. Qe2 b5 14. Nc6 Bb7
15. c4 bxc4 16. Qxc4 e6 17. Qd3 Nxd5 18. Bxd5 Bxc6 19. Bxc6 Qxc6 20. Rf2 d5 21.
Bd4 Qb5 22. Qd2 Bxd4 23. Qxd4 Rfc8 24. h4 Rc4 25. Qf6 Qb6 26. h5 Rc2 27. Raf1
Rac8 28. h6 Kf8 29. f5 gxf5 30. Kh2 Rxf2 31. Rxf2 Qxf2 32. Qh8+ Ke7 33. Qxc8
Qf4+ 34. Kg1 Qc4 35. Qb7+ Kf6 36. b3 Qc1+ 37. Kf2 Qd2+ 38. Kg1 Qc1+ 39. Kf2
Qc5+ 40. Kf3 f4 0-1

[Event "Bundesliga 9899"]
[Site "Deutschland"]
[Date "1999.03.20"]
[Round "12.6"]
[White "Nijboer, Friso"]
[Black "Reeh, Oliver"]
[Result "1-0"]
[WhiteElo "2534"]
[BlackElo "2420"]
[PlyCount "81"]
[EventDate "1998.10.17"]
[EventType "team"]
[EventRounds "15"]
[EventCountry "GER"]
[SourceTitle "Bundesliga 9899"]
[Source "DeepChess"]
[SourceDate "2005.01.01"]
[SourceVersion "1"]
[SourceVersionDate "2005.01.01"]
[SourceQuality "1"]
[WhiteTeam "SG Porz e.V."]
[BlackTeam "Hamburger SK 1830 e.V."]
[WhiteTeamCountry "GER"]
[BlackTeamCountry "GER"]

1. e4 c5 2. Nf3 Nc6 3. d4 cxd4 4. Nxd4 g6 5. c4 Bg7 6. Be3 Nf6 7. Nc3 O-O 8.
Be2 d6 9. O-O a5 10. Ndb5 a4 11. Kh1 Bd7 12. f4 h5 13. Rc1 Nb8 14. c5 Bc6 15.
cxd6 a3 16. e5 Ng4 17. Bxg4 axb2 18. Rb1 hxg4 19. Qxg4 exd6 20. Nxd6 Qd7 21.
Qg3 Ra3 22. Bc5 Ra5 23. Bb4 Ra8 24. Rxb2 Na6 25. Ba3 Nc7 26. Bc5 Nd5 27. Nce4
Ra5 28. Nc4 Rxc5 29. Nxc5 Qc7 30. Nd6 Qa5 31. Nce4 Ne7 32. Ng5 Qd5 33. Qh4 Ra8
34. Qf2 f6 35. Rd2 Qa5 36. Ne6 Nd5 37. Nxg7 Kxg7 38. f5 g5 39. Ne4 Nf4 40.
exf6+ Kh6 41. h4 1-0

[Event "Bundesliga 9899"]
[Site "Deutschland"]
[Date "1999.03.20"]
[Round "12.7"]
[White "Loeffler, Stefan"]
[Black "Vogt, Lothar"]
[Result "0-1"]
[WhiteElo "2385"]
[BlackElo "2466"]
[PlyCount "96"]
[EventDate "1998.10.17"]
[EventType "team"]
[EventRounds "15"]
[EventCountry "GER"]
[SourceTitle "Bundesliga 9899"]
[Source "DeepChess"]
[SourceDate "2005.01.01"]
[SourceVersion "1"]
[SourceVersionDate "2005.01.01"]
[SourceQuality "1"]
[WhiteTeam "Hamburger SK 1830 e.V."]
[BlackTeam "SG Porz e.V."]
[WhiteTeamCountry "GER"]
[BlackTeamCountry "GER"]

1. d4 Nf6 2. c4 d6 3. Nc3 Nbd7 4. e4 e5 5. Nge2 g6 6. g3 Bg7 7. Bg2 O-O 8. O-O
exd4 9. Nxd4 Re8 10. f3 c6 11. Rf2 Nb6 12. b3 d5 13. exd5 cxd5 14. c5 Nbd7 15.
Na4 b6 16. cxb6 Nxb6 17. Nc3 Ba6 18. Bb2 Bh6 19. f4 Bg7 20. Rd2 Qe7 21. Kh1
Rac8 22. Bh3 Nbd7 23. Qg1 h5 24. Rad1 Bb7 25. Bg2 Nc5 26. Re2 Qc7 27. Ndb5 Qb6
28. Rxe8+ Rxe8 29. Ba3 Bf8 30. Qd4 a6 31. b4 Ncd7 32. Qxb6 Nxb6 33. Nd4 Nc4 34.
Nb1 Ng4 35. Rc1 Nxa3 36. Nxa3 Bxb4 37. Nac2 Bc5 38. Rb1 Ba8 39. h3 Nf2+ 40. Kh2
Ne4 41. Nb3 Bf2 42. g4 hxg4 43. hxg4 Bg3+ 44. Kg1 Nc3 45. Rf1 Ne2+ 46. Kh1 Kg7
47. Bf3 Rh8+ 48. Kg2 Rh2# 0-1

[Event "Bundesliga 9899"]
[Site "Deutschland"]
[Date "1999.03.20"]
[Round "12.8"]
[White "Van der Wiel, John TH"]
[Black "Sievers, Stefan"]
[Result "1-0"]
[WhiteElo "2529"]
[BlackElo "2340"]
[PlyCount "83"]
[EventDate "1998.10.17"]
[EventType "team"]
[EventRounds "15"]
[EventCountry "GER"]
[SourceTitle "Bundesliga 9899"]
[Source "DeepChess"]
[SourceDate "2005.01.01"]
[SourceVersion "1"]
[SourceVersionDate "2005.01.01"]
[SourceQuality "1"]
[WhiteTeam "SG Porz e.V."]
[BlackTeam "Hamburger SK 1830 e.V."]
[WhiteTeamCountry "GER"]
[BlackTeamCountry "GER"]

1. e4 c5 2. Nf3 d6 3. d4 cxd4 4. Nxd4 Nf6 5. Nc3 g6 6. Be3 Bg7 7. f3 Nc6 8. Qd2
O-O 9. O-O-O Nxd4 10. Bxd4 Be6 11. Kb1 Qc7 12. h4 Rfc8 13. h5 Qa5 14. hxg6 hxg6
15. a3 Rab8 16. Be3 Nh5 17. Ne2 Qxd2 18. Rxd2 b6 19. g4 Nf6 20. Nf4 Nd7 21. g5
Ne5 22. Nxe6 fxe6 23. Bh3 Kf7 24. Rdh2 Rh8 25. f4 Nc4 26. Bc1 b5 27. b3 Nb6 28.
Be3 Bc3 29. Bg4 Rxh2 30. Rxh2 e5 31. Rh7+ Kg8 32. Rxe7 exf4 33. Bxf4 Rf8 34.
Be6+ Kh8 35. Bf7 Kg7 36. Bc4+ Kh8 37. Rf7 Re8 38. Bd3 d5 39. e5 Bxe5 40. Bxb5
Re6 41. Bd2 Bd4 42. Rxa7 1-0

[Event "Bundesliga 9899"]
[Site "Deutschland"]
[Date "1999.03.20"]
[Round "12.2"]
[White "Lerner, Konstantin Z"]
[Black "Slobodjan, Roman"]
[Result "1/2-1/2"]
[WhiteElo "2568"]
[BlackElo "2536"]
[PlyCount "56"]
[EventDate "1998.10.17"]
[EventType "team"]
[EventRounds "15"]
[EventCountry "GER"]
[SourceTitle "Bundesliga 9899"]
[Source "DeepChess"]
[SourceDate "2005.01.01"]
[SourceVersion "1"]
[SourceVersionDate "2005.01.01"]
[SourceQuality "1"]
[WhiteTeam "PSV Turm Duisburg 1920 e.V."]
[BlackTeam "USC Magdeburg"]
[WhiteTeamCountry "GER"]
[BlackTeamCountry "GER"]

1. d4 d5 2. c4 c6 3. Nf3 Nf6 4. Nc3 e6 5. Bg5 h6 6. Bxf6 Qxf6 7. Qb3 dxc4 8.
Qxc4 Nd7 9. O-O-O Bd6 10. e3 Qe7 11. Bd3 Rb8 12. Ne4 Bc7 13. Kb1 e5 14. Ng3 Nb6
15. Qc2 O-O 16. Bh7+ Kh8 17. Bf5 Nd5 18. Bxc8 Rbxc8 19. Rhe1 Qe6 20. Nxe5 Bxe5
21. dxe5 Qxe5 22. Qf5 Qe7 23. e4 Nb6 24. Qa5 Rfd8 25. f3 Rxd1+ 26. Rxd1 Rd8 27.
Rd2 Rxd2 28. Qxd2 Qc5 1/2-1/2

[Event "Bundesliga 9899"]
[Site "Deutschland"]
[Date "1999.03.20"]
[Round "12.3"]
[White "Georgiev, Vladimir"]
[Black "Unzicker, Wolfgang"]
[Result "1/2-1/2"]
[WhiteElo "2508"]
[BlackElo "2440"]
[PlyCount "107"]
[EventDate "1998.10.17"]
[EventType "team"]
[EventRounds "15"]
[EventCountry "GER"]
[SourceTitle "Bundesliga 9899"]
[Source "DeepChess"]
[SourceDate "2005.01.01"]
[SourceVersion "1"]
[SourceVersionDate "2005.01.01"]
[SourceQuality "1"]
[WhiteTeam "USC Magdeburg"]
[BlackTeam "PSV Turm Duisburg 1920 e.V."]
[WhiteTeamCountry "GER"]
[BlackTeamCountry "GER"]

1. d4 Nf6 2. c4 e6 3. Nc3 Bb4 4. e3 O-O 5. Bd3 d5 6. cxd5 exd5 7. Nge2 c5 8. a3
cxd4 9. exd4 Be7 10. O-O Nc6 11. Be3 Bg4 12. f3 Bh5 13. Bb1 Na5 14. Ba2 Rc8 15.
Nf4 Nc4 16. Bxc4 Rxc4 17. Qb3 Qd7 18. Rfe1 Rfc8 19. Nd3 Bd6 20. Ne5 Bxe5 21.
dxe5 d4 22. Rad1 Nd5 23. Nxd5 Qxd5 24. Bxd4 a6 25. Bb6 Qe6 26. Rd6 Qe7 27. Qd1
h6 28. e6 fxe6 29. Rdxe6 Qxe6 30. Rxe6 Rc1 31. Re1 Rxd1 32. Rxd1 Be8 33. h4 Rc2
34. Bd4 Bc6 35. Bc3 h5 36. Re1 Kf7 37. Kh2 Bb5 38. Kg3 Be2 39. Kf4 Bb5 40. g4
Re2 41. Rd1 hxg4 42. fxg4 Rg2 43. Rd5 Bc6 44. Rf5+ Kg8 45. Rg5 Rf2+ 46. Ke5 Rf6
47. Kd4 Kh7 48. h5 Kh6 49. Bd2 Bf3 50. a4 Kh7 51. a5 Re6 52. Kd3 Be2+ 53. Kd4
Bf3 54. Kd3 1/2-1/2

[Event "Bundesliga 9899"]
[Site "Deutschland"]
[Date "1999.03.20"]
[Round "12.5"]
[White "Rogozenko, Dorian"]
[Black "Volke, Karsten"]
[Result "0-1"]
[WhiteElo "2557"]
[BlackElo "2455"]
[PlyCount "96"]
[EventDate "1998.10.17"]
[EventType "team"]
[EventRounds "15"]
[EventCountry "GER"]
[SourceTitle "Bundesliga 9899"]
[Source "DeepChess"]
[SourceDate "2005.01.01"]
[SourceVersion "1"]
[SourceVersionDate "2005.01.01"]
[SourceQuality "1"]
[WhiteTeam "USC Magdeburg"]
[BlackTeam "PSV Turm Duisburg 1920 e.V."]
[WhiteTeamCountry "GER"]
[BlackTeamCountry "GER"]

1. d4 Nf6 2. c4 e6 3. Nf3 b6 4. g3 Ba6 5. Nbd2 Bb7 6. Bg2 c5 7. e4 cxd4 8. O-O
Qc8 9. e5 Ne4 10. Nb3 Nc6 11. Re1 f5 12. exf6 Nxf6 13. Nfxd4 Nxd4 14. Bxb7 Qxb7
15. Qxd4 Be7 16. Bg5 O-O 17. Rad1 Rf7 18. Re2 Rc8 19. Nc1 Bc5 20. Qh4 Qf3 21.
Rd3 Qf5 22. Qf4 Qh3 23. Bxf6 Rxf6 24. Qe4 d5 25. Qg2 Qg4 26. Rdd2 Qxc4 27. Nd3
Rcf8 28. Qh3 Rh6 29. Qf1 Qg4 30. b3 Bd4 31. Rc2 Qh5 32. Qg2 Rhf6 33. Ne1 Qf5
34. Red2 Qe5 35. Nd3 Qd6 36. Ne1 Bc5 37. Nd3 h5 38. h4 Rg6 39. Nxc5 bxc5 40.
Qh3 e5 41. Rc4 dxc4 42. Rxd6 Rxd6 43. bxc4 e4 44. Kg2 Kh8 45. a3 e3 46. fxe3
Rd2+ 47. Kg1 Rd1+ 48. Kg2 Rdf1 0-1

[Event "Bundesliga 9899"]
[Site "Deutschland"]
[Date "1999.03.20"]
[Round "12.8"]
[White "Kummerow, Heiko"]
[Black "Darnstaedt, Frank"]
[Result "1/2-1/2"]
[WhiteElo "2288"]
[BlackElo "2301"]
[PlyCount "75"]
[EventDate "1998.10.17"]
[EventType "team"]
[EventRounds "15"]
[EventCountry "GER"]
[SourceTitle "Bundesliga 9899"]
[Source "DeepChess"]
[SourceDate "2005.01.01"]
[SourceVersion "1"]
[SourceVersionDate "2005.01.01"]
[SourceQuality "1"]
[WhiteTeam "PSV Turm Duisburg 1920 e.V."]
[BlackTeam "USC Magdeburg"]
[WhiteTeamCountry "GER"]
[BlackTeamCountry "GER"]

1. e4 c5 2. Nf3 Nc6 3. d4 cxd4 4. Nxd4 Nf6 5. Nc3 e5 6. Ndb5 d6 7. Bg5 a6 8.
Na3 b5 9. Bxf6 gxf6 10. Nd5 Bg7 11. Bd3 Ne7 12. Nxe7 Qxe7 13. O-O O-O 14. c3 f5
15. Nc2 f4 16. a4 Qb7 17. axb5 axb5 18. Rxa8 Qxa8 19. Qe2 Bd7 20. Ra1 Qb7 21.
Ra5 Rb8 22. Qe1 Bf6 23. Qa1 Bd8 24. Ra7 Qc8 25. Nb4 Kg7 26. Ra6 Rb6 27. Ra8 Rb8
28. Ra6 Rb6 29. Ra8 Rb8 30. Rxb8 Qxb8 31. Qa6 Qb6 32. Qxb6 Bxb6 33. Kf1 Kf8 34.
Ke2 Ba5 35. Nd5 Bc6 36. b4 Bd8 37. c4 bxc4 38. Bxc4 1/2-1/2

[Event "Bundesliga 9899"]
[Site "Deutschland"]
[Date "1999.03.20"]
[Round "12.1"]
[White "Hracek, Zbynek"]
[Black "Movsesian, Sergei"]
[Result "1-0"]
[WhiteElo "2615"]
[BlackElo "2650"]
[PlyCount "57"]
[EventDate "1998.10.17"]
[EventType "team"]
[EventRounds "15"]
[EventCountry "GER"]
[SourceTitle "Bundesliga 9899"]
[Source "DeepChess"]
[SourceDate "2005.01.01"]
[SourceVersion "1"]
[SourceVersionDate "2005.01.01"]
[SourceQuality "1"]
[WhiteTeam "SAbt SV Werder Bremen"]
[BlackTeam "SF Neukoelln 03 e.V."]
[WhiteTeamCountry "GER"]
[BlackTeamCountry "GER"]

1. e4 c5 2. Nf3 d6 3. d4 cxd4 4. Nxd4 Nf6 5. Nc3 a6 6. Be2 e6 7. O-O Nbd7 8. a4
b6 9. f4 Bb7 10. Bf3 Qc7 11. Kh1 Rc8 12. Qe1 e5 13. Nf5 g6 14. fxe5 dxe5 15.
Nh6 Qc4 16. Bg5 Qe6 17. Qh4 Be7 18. Rad1 Rd8 19. Nf5 Bf8 20. Rd6 Bxd6 21. Ng7+
Ke7 22. Nxe6 fxe6 23. Qh6 Kf7 24. Bg4 Be7 25. Qh3 h6 26. Bxe6+ Kg7 27. Bxd7
hxg5 28. Qe6 Rxd7 29. Rxf6 1-0